000 02653nam a2200313 4500
003 EC-UNACH
005 20251014120724.0
006 s||||gr|||| 00| 00
008 150116t9999 mx r gr 000 0 spa d
020 _a978-958-648-484-8
040 _aEC-UNACH
_cEC-UNACH
041 _aspa
082 0 4 _223
_a613.62
_bl011573
110 _aECO Ediciones
245 _aCodificación en salud ocupacional
250 _aPrimera edición
264 _aColombia
_bECO Ediciones
_c2007
300 _a305
505 _aCONTENIDO: Introducción Registro de lesiones Utilidad de los registros de lesiones Comparación de experiencias Identificación de factores comunes Origen de los datos Método par llevar registros El accidente de trabajo Costos de los accidentes Filosofía de la prevención de accidentes Psicología de la prevención de accidentes Principales teorías sobre accidentalidad Teoría de las causas inmediatas de los accidentes según Heinrich Teoría sobre el control de accidentalidad Teoría sobre el costo de la seguridad o falta de seguridad Costos de la seguridad Modelo de causalidad de accidentes Teoría sobre le mecanismo del accidente Análisis de las causas primarias de los accidentes Método de investigación de accidente de trabajo Protocolos para la investigación de accidente e incidentes Investigación de accidentes laborales ¿Por qué investigar los accidentes? Investigación de accidentes Propósito de la investigación Actitud de los trabajadores Denuncias de los accidentes Responsable de la investigación Procedimiento para hacer la investigación Investigación de accidente árbol de causas Reporte de accidentes de trabajo Resolución 156 de enero 27 de 2005 Formatos para el reporte de accidente de trabajo Ocupación habitacional Tipo de lesión Parte del cuerpo aparentemente afectada Agente del accidente Mecanismo o forma del accidente Actividad económica Naturaleza de la lesión Parte del cuerpo afectada Agente de lesión Tipo de accidente Condición ambiental pelagrosa Agentes del accidente Acto inseguro Factores personales Factores de trabajo Procedimiento de análisis Prestaciones Prestaciones económicas Enfermedad profesional Tabla de enfermedad profesional. Decreto 1832 de agosto 3 de 1994 Índices
650 _aIdentificaciones de factores comunes
650 _aMetodos para llevar datos
650 _aCostos de la seguridad
700 _aFernado Henao Robledo
942 _2ddc
_c1
999 _c13997